000 01244nam0a22003011 4500
001 v19\rc\1280910
005 20250618010950.0
035 _a(NLR Aleph) 004431240
090 _a4270617
_c4270617
100 _a20060306d1835 |||y0rusy50 ca
101 1 _arus
_cger
102 _aRU
105 _ay z |||a|
200 1 _aЗагадка жизни
_eПовесть Вильгельма Блюменгагена
_fПер. с нем. Е. Глаголева
_a[За преступлением следует преступление
_eПовесть Вильгельма Блюменгагена
_fПер. с нем. Е. Глаголева]
210 _aСанкт-Петербург
_cтип. Деп. внеш. торг.
_d1835
215 _a[6], 248 с.
_d20
309 _aКаждая повесть имеет отд. тит. л.
540 1 3 _aЗа преступлением следует преступление
700 1 _aБлюменгаген
_bВ.
_f1781-1839
_gВильгельм
702 1 _aГлаголев
_bЕ.
_4730
801 0 _aRU
_bNLR
_gpsbo
801 0 _aRU
_bRuMoRGB
_2psbo
801 1 _aRU
_bProSoft-M
_2rusmarc
852 _aNLR
_j18.266.2.25
899 _aБАН
899 _aНБ СПбГУ
942 _cBOOK
980 _aNB